| 000 | 01063cam a22002777i 4500 | ||
|---|---|---|---|
| 999 |
_c10366 _d10366 |
||
| 003 | OSt | ||
| 005 | 20220315150737.0 | ||
| 008 | 151005s2014 vraa 001 0 eng | ||
| 020 | _a9781864704129 (hardback) | ||
| 037 | _b6 Bastow Place Mulgrave VIC 3170 | ||
| 040 |
_aDLC _cDLC _dDLC |
||
| 043 | _aa-cc--- | ||
| 082 |
_a720.4830951 _bBIN |
||
| 245 | 0 | 0 |
_aTall buildings of China / _cedited by Georges Binder ; forewords by A. Eugene Kohn and James von Klemperer, Kohn Pederson Fox Associates, Antony Wood, Council on Tall buidlings and Urban Habitat. |
| 300 |
_a251 pages. : _bchiefly color illustrations ; _c35 cm |
||
| 500 | _aIncludes index. | ||
| 650 | 0 | _aArchitecture, Modern. | |
| 650 | 0 |
_aTall buildings _zChina. |
|
| 650 | 0 |
_aTall buildings _zAsia. |
|
| 650 | 0 |
_aSkyscrapers _zChina. |
|
| 650 | 0 |
_aSkyscrapers _zAsia. |
|
| 700 | 1 |
_aBinder, Georges, _eeditor. |
|
| 856 | 4 | 2 |
_3Contributor biographical information _uhttp://www.loc.gov/catdir/enhancements/fy1602/2015464002-b.html |
| 906 |
_a7 _bcbc _corigres _d3 _encip _f20 _gy-gencatlg |
||
| 942 | _2ddc | ||